Руска литературна класика (Запис номер 22503)
[ съкратено ]
| 000 -Лидер | |
|---|---|
| Контролно поле с фиксирана дължина | 01996nam a2200397 c 4500 |
| 003 - Код на организацията, давaща контролен номер | |
| Контролно поле | BLK |
| 005 - Дата и час на последна редакция | |
| Контролно поле | 20221129092034.0 |
| 008 - Елементи от данни с фиксирана дължина | |
| fixed length control field | 180413b bul|||||r ||||||| ||bul|| |
| 010 ## - Наследен системен номер | |
| LC control number | KNG00024883000 |
| 020 ## - Международен стандартен номер на книга ISBN | |
| Международен стандартен номер на книга ISBN | 954-717-058-9 |
| -- | издат.: Тилиа - на том(ч. 4) |
| 040 ## - Източник на каталожния запис | |
| Идентификатор на билиотеката - собственик на записа | BLK |
| 041 ## - Код за език | |
| Код за езика на текст/звукозапис или на отделно заглавие | Български |
| Код за езика КДБФ | Български |
| 080 ## - УДК | |
| Текстов определител УДК | Руска литература |
| УДК код - определител по УДК | 821.161.1 |
| УДК определител | .09(092) |
| УДК - код + определител | 821.161.1.09(092) |
| 080 ## - УДК | |
| Текстов определител УДК | Биографии |
| УДК код - определител по УДК | 929 |
| УДК определител | |
| УДК - код + определител | 929 |
| 139 ## - Редно поле | |
| Редна дума | Руска литературна класика |
| Авторски знак | Русен - Р 95 |
| 245 10 - Сведения за заглавието | |
| Заглавие | Руска литературна класика |
| Подзаглавни данни | Сборник : Ч. 1 - |
| Редно поле (дума) | състав. Петко Троев; прев. от рус. Манол Наков. |
| Том | Ч. 4 |
| Заглавие на том | Профили и творби |
| 257 ## - Страна на издаване | |
| Страна на създаване/издаване | Русия |
| 260 ## - Област на издателските данни | |
| -- | София |
| Име на издателя, разпространителя и проч. | Булвест 2000 |
| Година на издаване | 1994 - |
| Печатница | За том: Русе : Дунав прес |
| 300 ## - Физическа характеристика | |
| Размери/Мащаб | 23 см |
| 380 ## - Жанр | |
| Жанр | Литературознание |
| 650 #4 - Допълнително описание по предмет – тема | |
| Основно описание – тема или топоним | Руска литература |
| 9 (RLIN) | 249426 |
| 650 #4 - Допълнително описание по предмет – тема | |
| Основно описание – тема или топоним | Писатели, руски |
| 9 (RLIN) | 245764 |
| 650 #4 - Допълнително описание по предмет – тема | |
| Основно описание – тема или топоним | Поети, руски |
| 9 (RLIN) | 245652 |
| 653 ## - Ключова дума – ненормативна | |
| Ключова дума | руски писатели |
| 653 ## - Ключова дума – ненормативна | |
| Ключова дума | руски поети |
| 653 ## - Ключова дума – ненормативна | |
| Ключова дума | руска литература |
| 653 ## - Ключова дума – ненормативна | |
| Ключова дума | литературни анализи |
| 700 1# - Други автори (авторска отговорност) | |
| Лично име | Троев, Петко |
| Автороска отговорност (Описва отношението между автора и произведението) | състав. |
| 9 (RLIN) | 252839 |
| 700 1# - Други автори (авторска отговорност) | |
| Лично име | Наков, Манол |
| Автороска отговорност (Описва отношението между автора и произведението) | прев. от рус. |
| 9 (RLIN) | 252840 |
| 760 1# - Описание на основната серия | |
| -- | - на том(ч. 4) |
| Място на издаване, издател и година | Тилиа, 1998 |
| Страници - том | 285 с. |
| Забележка - том | За А. М. Ремизов, Е. И. Замятин, Б. А. Пилняк, И. Е. Бабел, А. С. Грин, В. В. Набоков, М. М. Зошченко, И. Илф, Е. Петров, М. А. Шолохов, А. Н. Толстой, И. С. Шмельов, М. А. Булгаков, А. П. Платонов, Б. Л. Пастернак, М. М. Пришвин, Н. А. Заболоцки |
| Заглавие | Ч. 4 Профили и творби |
| 852 ## - Местоположение | |
| Форматна сигнатура | Цб 176775 |
| 856 4# - Електронен адрес и достъп | |
| Електронен формат | pdf - файл |
| Път до файла /url/ | |
| 856 4# - Електронен адрес и достъп | |
| Електронен формат | pdf - файл |
| Път до файла /url/ | |
| 942 ## - АРТИКУЛИ | |
| Вид на библиотечния материал | Книги |
| Скрит в OPAC | Не |
| Koha issues (borrowed), all copies | 3 |
| 944 ## - СЪЗДАВАНЕ И РЕДАКЦИЯ на ЗАПИСА | |
| Създаване/Редакция | Създаване |
| Дата на регистрацията/редакция | 15.01.2003 |
| Служител, извършил регистрацията/редакцията | Геновева_Генчева |
| 944 ## - СЪЗДАВАНЕ И РЕДАКЦИЯ на ЗАПИСА | |
| Създаване/Редакция | Редакция |
| Дата на регистрацията/редакция | 05.01.2005 |
| Служител, извършил регистрацията/редакцията | |
| 999 ## - СИСТЕМНИ КОНТРОЛНИ НОМЕРА | |
| Koha biblionumber | 22503 |
| Koha biblioitemnumber | 22503 |
| Код за отписване | Код за изгубен артикул | Източник на класификационната схема | Код за повреда | Коз за рестрикции | Код за отдаване | Артикулен № | Име на библиотеката - собственик | Име на библиотеката, в която се намира в момента | Статус (Текущо местоположение) | Дата на вписване в системата | Местоположение - отдел | Цена в лева | Инвентарен номер | Систематично азбучна сигнатура | Баркод | Номер на екземпляра | Цена в евро | Служебна бележка | Служебен тип на артикула |
|---|---|---|---|---|---|---|---|---|---|---|---|---|---|---|---|---|---|---|---|
| Не е изгубен | Universal Decimal Classification | Не е повреден | без рестрикции | ползва се в читалня | 37161 | Регионална библиотека "Любен Каравелов" Русе | Регионална библиотека "Любен Каравелов" Русе | Хранилище | 2001-01-01 | Хранилище | 0.00 | 644754 | Цб 176775 | 120000644754 | 1 | 0.00 | Дост: Dp Вид: Д N: 45 Дата: 01.01.1998 | Книги | |
| Не е изгубен | Universal Decimal Classification | Не е повреден | без рестрикции | заемане за дома | 37162 | Регионална библиотека "Любен Каравелов" Русе | Регионална библиотека "Любен Каравелов" Русе | Заемна - подръчен фонд | 1998-01-01 | Заемна - подръчен фонд | 9.00 | 645783 | П 821.161.1.09/Р 95 | 120000645783 | 2 | 4.60 | Дост: DA Вид: А N: стар фонд Дата: 01.01.1998 Дата инв: 27.03.2017 Бележки инв: Ч2017 | Книги | |
| Изтеглен | Не е изгубен | Universal Decimal Classification | Не е повреден | без рестрикции | заемане за дома | 37163 | Регионална библиотека "Любен Каравелов" Русе | Регионална библиотека "Любен Каравелов" Русе | Заемна - подръчен фонд | 2004-12-30 | Заемна - подръчен фонд | 2.76 | 120000690924 | П 821.161.1.09/Р 95 | 120000690924 | 3 | 1.41 | Дост: Pk Вид: Ф N: 29002826 Дата: 28.12.2004 Дата инв: 08.02.2018 Бележки инв: П2018 | Книги |